| 000 | 00572nam a22001817a 4500 | ||
|---|---|---|---|
| 999 |
_c18795 _d18795 |
||
| 008 | 240129b ||||| |||| 00| 0 eng d | ||
| 020 | _a9781266271113 | ||
| 082 |
_22024 _aDC 658.72 _bJ630 |
||
| 100 |
_aJohnson, Fraser. _950907 |
||
| 245 |
_aPurchasing and supply management / _cFraser Johnson. |
||
| 250 | _aSeventeenth edition | ||
| 260 |
_aNew York : _bMcGraw Hill LLC, _c©2024. |
||
| 300 |
_axviii, 573 pages : _billustrations ; _c23 cm. |
||
| 500 | _aIncludes index. | ||
| 650 |
_aPurchasing. _951429 |
||
| 650 |
_aIndustrial procurement. _951430 |
||
| 942 |
_2ddc _cDC |
||